Tính toán thiết kế hệ dẫn động cơ khí. Tập 2

Сохранить в:
Библиографические подробности
Главные авторы:  Tính toán thiết kế hệ dẫn động cơ khí. Tập 2,  Trịnh, Chất
Формат: Sách
Язык:Undetermined
Опубликовано:  Giáo dục Việt Nam  2016
Предметы:
Метки: Добавить метку
Нет меток, Требуется 1-ая метка записи!
Thư viện lưu trữ: Trung tâm Thư viện - Trường Đại học Công nghiệp TP. Hồ Chí Minh
LEADER 00595nam a2200157Ia 4500
001 UIH_08253
008 241002s9999 xx 000 0 und d
082 |a  621.815 
100 |a  Tính toán thiết kế hệ dẫn động cơ khí. Tập 2 
100 |a  Trịnh, Chất 
245 0 |a  Tính toán thiết kế hệ dẫn động cơ khí. Tập 2 
260 |b  Giáo dục Việt Nam 
260 |c  2016 
650 |a Thiết kế máy 
927 |a Sách 
980 |a Trung tâm Thư viện - Trường Đại học Công nghiệp TP. Hồ Chí Minh